Seven words of love. (Record no. 7568)

000 -LEADER
fixed length control field 00528nam a2200181 a 4500
001 - CONTROL NUMBER
control field :::00005329$&:&@@
003 - CONTROL NUMBER IDENTIFIER
control field OkBaRHE
005 - DATE AND TIME OF LATEST TRANSACTION
control field 20000607103325.0
008 - FIXED-LENGTH DATA ELEMENTS--GENERAL INFORMATION
fixed length control field s1975 j 000 0 eng u
040 ## - CATALOGING SOURCE
Transcribing agency
100 1# - MAIN ENTRY--PERSONAL NAME
Personal name Lockyer, Herbert.
245 10 - TITLE STATEMENT
Title Seven words of love.
260 ## - PUBLICATION, DISTRIBUTION, ETC. (IMPRINT)
Place of publication, distribution, etc Waco, TX., :
Name of publisher, distributor, etc Word Books
Date of publication, distribution, etc c1975
300 ## - PHYSICAL DESCRIPTION
Extent 168 p. ;
Dimensions 23 cm.
650 ## - SUBJECT ADDED ENTRY--TOPICAL TERM
Topical term or geographic name as entry element Jesus Christ
General subdivision Seven Last Words
942 ## - ADDED ENTRY ELEMENTS (KOHA)
Source of classification or shelving scheme
Koha item type Books
Copies
Source of classification or shelving scheme Date last seen Not for loan Price effective from Permanent Location Copy number Koha item type Damaged status Shelving location Full call number Barcode Date acquired Lost status Withdrawn status
 2010-04-14 2010-04-14RHEMA Bible Training College1Books General StacksBT 456 .L6353292010-04-14